| 000 | 00437nam a2200169Ia 4500 | ||
|---|---|---|---|
| 008 | 180207s9999 xx 000 0 und d | ||
| 020 | _a89610768x | ||
| 050 | _bS529 2003 | ||
| 100 | _aShapiro, Jane H. | ||
| 245 | 4 | _aThe busy beach / | |
| 245 | _cJane H. Shapiro ; illutrated by Yuko Green. | ||
| 250 | _aFirst edition. | ||
| 260 | _bIsland Heritage, | ||
| 260 | _c2003 | ||
| 300 | _a33 pages : | ||
| 300 | _bcolor illustration ; | ||
| 999 |
_c355027 _d355027 |
||